000 00849 a2200253 4500
020 _a0201416786
020 _a9780201416787
082 0 4 _a658.5
090 _c642
_d642
100 1 _aWATERS, DONALD.
245 1 3 _aAn introduction to operations management /
_cDONALD WATERS.
260 _a[S.l.] :
_bADDISON WESLEY,
_c1991.
300 _a623 p. ;
_c24 cm.
500 _aImport.
500 _aPaperback.
650 4 _aBudgeting & financial management.
650 4 _aBusiness/Economics.
650 4 _aManagement and Business Administration.
650 4 _aOperations Management.
650 4 _aProduction management.
856 4 0 _3Amazon.com
_uhttp://www.amazon.com/exec/obidos/ASIN/0201416786/chopaconline-20
856 4 0 _3Amazon customer reviews
_uhttp://www.chopac.org/cgi-bin/tools/azrev.pl?q=0201416786
942 _aNBS
_cBK
_k658.5 WAT
999 _c343195
_d343195